000 00619nam a2200229Ia 4500
003 OSt
005 20220918193858.0
006 a|||||r|||| 00| 0
007 ta
008 220917b |||||||| |||| 00| 0 eng d
024 _a76,124
037 _cTextual
040 _aARTS
_cARTS
_beng
041 _2eng
_aeng
082 _aR66:41x2:1, G6
100 _aSankara comm
_973477
245 0 _aMandukyapanishad with Gaudapadas karika and comm tr by Nikhilananda
260 _c1936
650 _aADVAITA PHILOSOPHY
_9790
942 _hR66:41x2:1, G6
_cTEXL
_2CC
999 _c200586
_d200586